000 00589na a2200217 4500
001 13712
003 MIRAKIL
005 20181213154754.0
008 161025b tu 000 0
020 _a9755851550
040 _aMilas
_btur
_cTR-AnCHP
041 _atur
082 _a915.56511
_bA54 2000
090 _a915.56511 A54 2000
245 _aAnkara rehberi
260 _aAnkara
_bAnkara Valiliği Turizm İl Müdürlüğü
_c2000
300 _a249 s.
_bfotğ. , tbl.
_c21 sm.
651 _aAnkara
_xKılavuzlar
651 _aAnkara
_xSosyal yaşam ve gelenekler
942 _2ddc
_cBKS
999 _c595
_d595